Science Quiz

Random Science or Biology Quiz
Score 0/6 Timer 02:00
5 Plays Today
Stage % Correct
Anaphase
86.6%
Prophase
85.9%
Metaphase
85.2%
Interphase
84%
Telophase
82.7%
Cytokinesis
65.2%
Remove Ads.
Support Sporcle.
Get the best of Sporcle when you Go Orange. This ad-free experience offers more features, more stats, and more fun while also helping to support Sporcle. Thank you for becoming a member.

You're not logged in!

Compare scores with friends on all Sporcle quizzes.
OR
Log In

Show Comments

Extras

Top Quizzes Today


Score Distribution

Your Account Isn't Verified!

In order to create a playlist on Sporcle, you need to verify the email address you used during registration. Go to your Sporcle Settings to finish the process.

Report this User

Report this user for behavior that violates our Community Guidelines.

Details: